Une partie d’image = Un jeu vidéo - Statistiques

Statistiques générales
  • Ce quiz a été pris 28 fois
  • Le résultat moyen est 4 sur 20
Statistiques - réponses
Par images Réponse % Correct
Mario et Sonic aux Jeux Olympiques
81%
Farming Simulator
59%
Mario Kart 7
48%
Pokémon Lune
44%
Heavy Rain
33%
Dead Space
26%
Portal 2
22%
Professeur Layton
22%
PES 2
19%
Resident Evil 2
19%
Gran Turismo 4
11%
Yoshi’s Island
11%
Another Code
4%
Destiny
4%
Little Nightmares
4%
Medal of Honor
4%
Ready Or Not
4%
Age of Empires III
0%
Civilization III
0%
Command and Conquer
0%
Aucun quiz correspondant
Distribution des résultats
% des personnes avec chaque résultat
Percentile par nombre de réponses
Votre historique - résultats
Vous n’avez pas pris ce quiz